| 000 | 01342cam a22003255a 4500 | ||
|---|---|---|---|
| 001 | 14540268 | ||
| 005 | 20150602151619.0 | ||
| 008 | 060908t2007 ctuado frbd 001 0 eng d | ||
| 020 | _a0313338248 (alk. paper) | ||
| 020 | _a9780313338243 (hbk.) | ||
| 040 |
_aDLC _cDLC _dBAKER _dC#P _dYDXCP _dUKM _dDLC _dEG-ScBUE |
||
| 043 | _an-us--- | ||
| 082 | 0 | 0 |
_a332.642 _222 _bHAF |
| 100 | 1 |
_aHafer, R. W. _q(Rik W.) _938052 |
|
| 245 | 1 | 4 |
_aThe stock market / _cRik W. Hafer and Scott E. Hein. |
| 260 |
_aWestport ; _aLondon : _bGreenwood Press, _cc.2007. |
||
| 300 |
_axxvii, 140 p. : _bcharts, photographs, tables ; _c25 cm. |
||
| 490 | 0 |
_aGreenwood guides to business and economics, _x1559-2367 |
|
| 500 | _aGlossary : p. 127-132. | ||
| 500 | _aIndex : p. 137-140. | ||
| 504 | _aBibliography : p. [133]-136. | ||
| 505 | 0 | _aA brief history of the U.S. stock market -- Stocks in today's economy -- Today's stock market in action -- Recent innovations in stocks and stock markets -- Regulation of the stock market -- Stock markets abroad -- Summing it up -- Companies listed in the Dow Jones Industrial Average. | |
| 650 | 0 |
_aStock exchanges. _2BUEsh |
|
| 650 | 0 |
_aStock exchanges _zUnited States. _2BUEsh |
|
| 651 | _2BUEsh | ||
| 653 |
_bBUSECO _cMay2015 |
||
| 655 |
_vreading book _934232 |
||
| 700 | 1 |
_aHein, Scott E., _d1949- |
|
| 942 | _2ddc | ||
| 999 |
_c19391 _d19363 |
||